000 009660000a22002050004500
020 _a84-206-4749-7
041 0 _aSPA
082 0 4 _aG 291.17 L571m
100 1 _aLenoir, Frédéric
245 1 0 _aLas metamorfosis de Dios : La nueva espiritualidad occidental / Frédéric Lenoir; María Hernández, Traductora
260 _aMadrid : Alianza
300 _a311 Pag
500 _aTítulo original : Les métamorphoses de Dieu. La nouvelle spiritualité accidentale
505 0 0 _aLa individualización de lo religioso - La globalización de lo religioso - Religiones históricas: reacciones conservadoras y conflictos políticos - El fenómeno de las sectas - La modernidad y la religión revisitadas - ¿Un reencantamiento del mundo? - Las nuevas figuras de lo divino - Epílogo: La metamorfosis de lo sagrado
001 12182
942 _cBK
999 _c41208
_d41208
336 _atexto
_btxt
_2rdacontent
337 _2rdamedia
_asin mediación
_bn
338 _2rdacarrier
_avolumen
_bnc